| 000 | 00582nam a2200193Ia 4500 | ||
|---|---|---|---|
| 003 | OSt | ||
| 005 | 20240405103747.0 | ||
| 008 | 210210b1962 xxu||||| |||| 00| 0 eng d | ||
| 040 | _cAL | ||
| 041 | _aKannada | ||
| 082 | _a856/128 | ||
| 100 |
_aSHIVARAMA KARANTA _993629 _d ಶಿವರಾಮ ಕಾರಂತ |
||
| 245 |
_aVijnana prapancha 4: vijnana sadhana _bವಿಜ್ಞಾನ ಪ್ರಪಂಚ ೪: ವಿಜ್ಞಾನ ಸಾಧನ |
||
| 260 |
_aD.K _b- _c1962 |
||
| 440 |
_a4 _993630 |
||
| 690 |
_aKannada Miscellaneous _993631 |
||
| 906 | _a020376 | ||
| 942 |
_2ddc _cBK |
||
| 999 |
_c144525 _d144525 |
||